[Event "XIX Festival Conca della Presolana Magistrale"]
[Site "Bratto - Castione della Presolana ITA"]
[Date "1999.08.29"]
[Round "8"]
[White "Oppici, Gabriele"]
[Black "Barbieri, Giovanni"]
[Result "1/2-1/2"]
[WhiteElo "2052"]
[BlackElo "2108"]
[PlyCount "55"]
[EventDate "1999.08.22"]

1.Nc3 e5 2.Nf3 d6 3.d4 exd4 4.Nxd4 g6 5.h4 Bg7 6.Bg5 Nf6 7.Nd5 h6 8.Bxf6 
Bxf6 9.Nxf6+ Qxf6 10.e3 c6 11.Qd2 Nd7 12.O-O-O Nc5 13.f3 O-O 14.g4 Qe7 15.
e4 Kh7 16.Bc4 Bd7 17.Nb3 Be6 18.Bxe6 fxe6 19.Qxd6 Nxb3+ 20.axb3 Qf6 21.
Qc7+ Rf7 22.Rd7 Rf8 23.f4 Rxd7 24.Qxd7+ Rf7 25.Qc8 Qxf4+ 26.Kb1 Qxg4 27.
Ka2 Qf3 28.Qxe6 1/2-1/2

[Event "XIX Festival Conca della Presolana Magistrale"]
[Site "Bratto - Castione della Presolana ITA"]
[Date "1999.08.29"]
[Round "8"]
[White "Pagnoncelli, Marco"]
[Black "Galli, Fabio"]
[Result "1/2-1/2"]
[WhiteElo "2122"]
[BlackElo "2158"]
[PlyCount "73"]
[EventDate "1999.08.22"]

1.e4 e6 2.d4 d5 3.exd5 exd5 4.Nf3 Bd6 5.c4 c6 6.Nc3 Ne7 7.c5 Bc7 8.Bg5 O-O
9.Bd3 f6 10.Bh4 Bf5 11.O-O Bxd3 12.Qxd3 Qd7 13.Rfe1 Na6 14.a3 Rae8 15.Bg3 
Bxg3 16.hxg3 Qf5 17.Qd2 Nc7 18.Re2 Ng6 19.Rae1 Kf7 20.b4 Rxe2 21.Rxe2 a6 
22.a4 Qd7 23.Qd3 Re8 24.Rb2 Ra8 25.Rb1 Kg8 26.Kf1 Ne7 27.b5 axb5 28.axb5 
Ra3 29.bxc6 bxc6 30.Qc2 Qc8 31.Qb2 Qa6+ 32.Kg1 Ne6 33.Re1 Kf7 34.Nb1 Ra4 
35.Qd2 Nf5 36.Nc3 Rc4 37.Ne2 1/2-1/2

[Event "XIX Festival Conca della Presolana Magistrale"]
[Site "Bratto - Castione della Presolana ITA"]
[Date "1999.08.29"]
[Round "8"]
[White "Pass, Deborah J."]
[Black "Menoni, Vincenzo"]
[Result "1/2-1/2"]
[WhiteElo "2030"]
[BlackElo "2281"]
[PlyCount "58"]
[EventDate "1999.08.22"]

1.e4 e6 2.Qe2 c5 3.g3 Nc6 4.Bg2 g6 5.Nf3 Bg7 6.d3 Nge7 7.h4 h6 8.c3 d6 9.
Nbd2 b6 10.Nh2 Ba6 11.f4 h5 12.O-O Qd7 13.f5 Be5 14.Qf3 O-O-O 15.Nc4 Bxc4 
16.dxc4 Kc7 17.fxe6 fxe6 18.Bg5 Rdf8 19.Qe3 Bg7 20.Nf3 Ne5 21.Nxe5 Bxe5 
22.Bh6 Rxf1+ 23.Rxf1 Nc6 24.Bg5 Rh7 25.Bh3 Rf7 26.Rb1 Qe8 27.Bf4 Qe7 28.
Bg5 Qe8 29.Bf4 Qe7 1/2-1/2

[Event "XIX Festival Conca della Presolana Magistrale"]
[Site "Bratto - Castione della Presolana ITA"]
[Date "1999.08.29"]
[Round "8"]
[White "Patelli, Alessandro"]
[Black "Astengo, Corrado"]
[Result "1-0"]
[WhiteElo "2225"]
[BlackElo "2164"]
[PlyCount "153"]
[EventDate "1999.08.22"]

1.d4 Nf6 2.c4 e6 3.Nc3 Bb4 4.e3 c5 5.Ne2 cxd4 6.exd4 O-O 7.a3 Be7 8.d5 
exd5 9.cxd5 Bc5 10.b4 Bb6 11.Na4 Ng4 12.Nxb6 Qxb6 13.Qd4 Qxd4 14.Nxd4 b6 
15.Be2 Nf6 16.d6 Bb7 17.O-O Be4 18.Re1 a6 19.Bg5 Nc6 20.Rad1 Rfe8 21.f3 
Nxd4 22.Rxd4 Bg6 23.Kf2 b5 24.Rc1 Rac8 25.Rc7 Bf5 26.a4 Rxc7 27.dxc7 Rc8 
28.axb5 axb5 29.Bf4 g5 30.Be5 Ne8 31.Bxb5 f6 32.Bg3 Nxc7 33.Bxd7 Rd8 34.
Bxf5 Rxd4 35.Bxc7 Rxb4 36.Bd6 Rb2+ 37.Kg3 Kg7 38.Be4 Ra2 39.Bc7 Rb2 40.Bd8
Rd2 41.Be7 h6 42.Kh3 Rb2 43.g4 Ra2 44.Kg3 Rb2 45.h4 Rb3 46.h5 Rb2 47.Bc5 
Rb5 48.Be3 Rb3 49.Kf2 Rb2+ 50.Ke1 Ra2 51.Bd2 Ra3 52.Ke2 Rb3 53.Bd3 Rb6 54.
Bc4 Rb7 55.Ke3 Re7+ 56.Kd4 Re8 57.Ba5 Ra8 58.Bb6 Re8 59.Kd5 Rb8 60.Kc6 
Rc8+ 61.Bc7 Re8 62.Bd5 Ra8 63.Bb6 Ra6 64.Kc7 Ra3 65.Bc5 Ra6 66.Be7 Ra3 67.
Kd6 Ra7 68.Ke6 Ra6+ 69.Kd7 Rb6 70.Bd6 Rb5 71.Be4 Rb6 72.Ke7 Ra6 73.Bc5 Ra4
74.Ke8 f5 75.gxf5 g4 76.Be7 g3 77.f6+ 1-0

[Event "XIX Festival Conca della Presolana Magistrale"]
[Site "Bratto - Castione della Presolana ITA"]
[Date "1999.08.29"]
[Round "8"]
[White "Perissinotto, Claudio"]
[Black "Alberton, Roberto"]
[Result "1-0"]
[WhiteElo "1990"]
[BlackElo "2138"]
[PlyCount "85"]
[EventDate "1999.08.22"]

1.e4 e5 2.Nf3 Nc6 3.Bb5 a6 4.Bxc6 dxc6 5.O-O f6 6.d4 exd4 7.Nxd4 c5 8.Nb3 
Qxd1 9.Rxd1 Bd7 10.Bf4 O-O-O 11.Nc3 b6 12.Nd5 Bg4 13.f3 Rxd5 14.Rxd5 Be6 
15.Rd2 Ne7 16.Rad1 Nc6 17.c3 Be7 18.Bg3 a5 19.Nc1 a4 20.Ne2 g5 21.a3 Na5 
22.Nc1 Nc4 23.Re2 Kb7 24.h3 Rg8 25.Nd3 h5 26.h4 Kc6 27.hxg5 fxg5 28.Ne5+ 
Nxe5 29.Bxe5 h4 30.Kf2 g4 31.Rh1 gxf3 32.gxf3 h3 33.Ke3 Bg5+ 34.f4 Bh6 35.
Reh2 Rg3+ 36.Kf2 Rd3 37.f5 Be3+ 38.Ke2 Bc4 39.Ke1 Bc1 40.f6 Re3+ 41.Kd1 
Rxe4 42.Kxc1 Rxe5 43.Rf2 1-0

[Event "XIX Festival Conca della Presolana Magistrale"]
[Site "Bratto - Castione della Presolana ITA"]
[Date "1999.08.29"]
[Round "8"]
[White "Profumo, Alberto"]
[Black "Ranieri, Fabrizio"]
[Result "0-1"]
[WhiteElo "2268"]
[BlackElo "2155"]
[PlyCount "60"]
[EventDate "1999.08.22"]

1.Nf3 e6 2.g3 d5 3.Bg2 Nf6 4.d4 Be7 5.c4 c6 6.O-O O-O 7.Nc3 Nbd7 8.b3 b6 
9.Bf4 Ba6 10.Qc2 Rc8 11.Rfd1 Nh5 12.Ne5 Nxf4 13.gxf4 f6 14.Ng4 f5 15.Ne5 
Nxe5 16.dxe5 b5 17.e3 bxc4 18.Na4 c5 19.Nb2 cxb3 20.axb3 Qb6 21.Na4 Qc6 
22.Nc3 Qb6 23.Bxd5 exd5 24.Nxd5 Qg6+ 25.Kh1 Bb7 26.e4 Bh4 27.Rxa7 Rf7 28.
Qc4 Qh5 29.Rd3 Qe2 30.Ne7+ Bxe7 0-1

[Event "XIX Festival Conca della Presolana Magistrale"]
[Site "Bratto - Castione della Presolana ITA"]
[Date "1999.08.29"]
[Round "8"]
[White "Quinn, Mark Peter"]
[Black "Cebalo, Miso"]
[Result "0-1"]
[WhiteElo "2377"]
[BlackElo "2453"]
[PlyCount "148"]
[EventDate "1999.08.22"]

1.c4 b6 2.d4 Bb7 3.Nc3 e6 4.a3 f5 5.Nf3 Nf6 6.d5 Be7 7.g3 O-O 8.Bg2 Ne4 9.
Nxe4 fxe4 10.Nd2 exd5 11.cxd5 Bxd5 12.Nxe4 Bc6 13.O-O d5 14.Qb3 Kh8 15.Rd1
Qd7 16.Nc3 d4 17.e4 Bb7 18.Nd5 c5 19.Bd2 Na6 20.Bf4 Rae8 21.Qd3 Bd6 22.
Bxd6 Qxd6 23.b4 Nc7 24.Nxc7 Qxc7 25.Rac1 Qe7 26.bxc5 bxc5 27.Rd2 h6 28.
Rdc2 Bxe4 29.Bxe4 Qxe4 30.Qxe4 Rxe4 31.Rxc5 Rf3 32.R5c4 Re2 33.Rxd4 Rfxf2 
34.Rh4 Ra2 35.a4 Rg2+ 36.Kf1 Rgd2 37.Re1 Kh7 38.Re7 a5 39.Re1 Rf2+ 40.Kg1 
Rg2+ 41.Kh1 Rgb2 42.Kg1 g5 43.Rc4 Rg2+ 44.Kh1 Rxh2+ 45.Kg1 Rag2+ 46.Kf1 
Rxg3 47.Re6 Rf3+ 48.Kg1 Rh4 49.Rxh4 gxh4 50.Ra6 Rf5 51.Kh2 Kg7 52.Kh3 Rc5 
53.Kxh4 Rc4+ 54.Kh5 Rxa4 55.Rg6+ Kf7 56.Rxh6 Ra1 57.Ra6 a4 58.Kg4 a3 59.
Kg3 Ke7 60.Kf3 Kd7 61.Kf2 Kc7 62.Kg2 Kb7 63.Ra4 Kb6 64.Ra8 Kb5 65.Kf2 Kb4 
66.Rb8+ Kc3 67.Rc8+ Kb2 68.Rb8+ Ka2 69.Ke3 Rb1 70.Rh8 Rb7 71.Kd4 Kb3 72.
Kc5 a2 73.Rh3+ Ka4 74.Rh8 Rc7+ 0-1

[Event "XIX Festival Conca della Presolana Magistrale"]
[Site "Bratto - Castione della Presolana ITA"]
[Date "1999.08.29"]
[Round "8"]
[White "Ragonese, Lucio Rosario"]
[Black "Malfagia, Andrea"]
[Result "1-0"]
[WhiteElo "2010"]
[BlackElo "2306"]
[PlyCount "62"]
[EventDate "1999.08.22"]

1.d4 e6 2.Nf3 c5 3.c3 f5 4.Bg5 Qb6 5.Qc2 h6 6.Bf4 Nc6 7.e3 g5 8.Be5 Rh7 9.
g4 d6 10.Bg3 Nf6 11.gxf5 exf5 12.Nbd2 cxd4 13.Nxd4 Nxd4 14.cxd4 Rc7 15.
Bb5+ Kd8 16.Qb3 f4 17.exf4 Qxd4 18.fxg5 Re7+ 19.Be2 hxg5 20.Rd1 Be6 21.Qb5
Bd5 22.O-O Rc8 23.Qd3 Qxb2 24.Bxd6 Rxe2 25.Bxf8 Qe5 26.Nc4 Qe6 27.Ne3 Rxe3
28.Qxe3 Qg4+ 29.Qg3 Qe4 30.f3 Qe3+ 31.Kh1 Ne4 1-0

[Event "XIX Festival Conca della Presolana Magistrale"]
[Site "Bratto - Castione della Presolana ITA"]
[Date "1999.08.29"]
[Round "8"]
[White "Ricci, Alfredo"]
[Black "Osuna Munoz, Xavier"]
[Result "1/2-1/2"]
[WhiteElo "2042"]
[BlackElo "2096"]
[PlyCount "24"]
[EventDate "1999.08.22"]

1.e4 c5 2.Nf3 Nc6 3.d4 cxd4 4.Nxd4 e5 5.Nxc6 bxc6 6.Nd2 Nf6 7.Bd3 Bc5 8.
O-O O-O 9.Qe2 d6 10.h3 Ne8 11.Kh1 Qh4 12.Nb3 Bxh3 1/2-1/2

[Event "XIX Festival Conca della Presolana Magistrale"]
[Site "Bratto - Castione della Presolana ITA"]
[Date "1999.08.29"]
[Round "8"]
[White "Scavo, Fernando"]
[Black "Drabke, Lorenz Maximilian"]
[Result "1-0"]
[WhiteElo "2290"]
[BlackElo "2102"]
[PlyCount "101"]
[EventDate "1999.08.22"]

1.d4 Nf6 2.c4 c5 3.d5 e6 4.Nc3 exd5 5.cxd5 d6 6.Nf3 g6 7.Bf4 a6 8.e4 b5 9.
Qe2 Bg7 10.Bxd6 Qxd6 11.e5 Qe7 12.d6 Qe6 13.Ng5 Qc4 14.Qxc4 bxc4 15.exf6 
Bxf6 16.Nge4 Bd4 17.Bxc4 f5 18.Ng5 h6 19.Nf3 Kd7 20.O-O Kxd6 21.Rad1 Nc6 
22.Ne2 Be6 23.Bxe6 Kxe6 24.Nexd4+ cxd4 25.Nxd4+ Nxd4 26.Rxd4 Rhc8 27.Re1+ 
Kf7 28.Rd7+ Kf6 29.Rd6+ Kf7 30.g3 Rc2 31.Ree6 Rxb2 32.Rf6+ Ke7 33.Rfe6+ 
Kf7 34.Rxg6 Rxa2 35.Rxh6 a5 36.Rd7+ Kg8 37.Rg6+ Kh8 38.Rh6+ Kg8 39.Rg6+ 
Kh8 40.Rd4 Kh7 41.Rg5 Kh6 42.Rxf5 a4 43.Rd6+ Kg7 44.Rg5+ Kf7 45.Rb5 a3 46.
Rb7+ Kg8 47.Rg6+ Kh8 48.Rh6+ Kg8 49.Rhh7 Ra1+ 50.Kg2 a2 51.Rbg7+ 1-0

[Event "XIX Festival Conca della Presolana Magistrale"]
[Site "Bratto - Castione della Presolana ITA"]
[Date "1999.08.29"]
[Round "8"]
[White "Trabert, Bettina"]
[Black "Borgo, Giulio"]
[Result "0-1"]
[WhiteElo "2301"]
[BlackElo "2444"]
[PlyCount "124"]
[EventDate "1999.08.22"]

1.e4 c5 2.c3 Nf6 3.e5 Nd5 4.d4 cxd4 5.Nf3 e6 6.cxd4 d6 7.a3 Bd7 8.Bd3 Bc6 
9.O-O Nd7 10.Re1 Rc8 11.b4 a6 12.Bd2 Be7 13.Qe2 O-O 14.Ra2 Ba4 15.h4 Re8 
16.Ng5 Nf8 17.Qf3 Bxg5 18.Bxg5 Qb6 19.Qg4 dxe5 20.dxe5 Bb5 21.Be4 Ng6 22.
Qg3 h5 23.Rd2 Bc6 24.Bf3 Nge7 25.Bxh5 Nf5 26.Qd3 Bb5 27.Qb3 Rc4 28.Bf3 Nd4
29.Qd1 Nxf3+ 30.Qxf3 Qc6 31.Qg3 Rc1 32.Rdd1 Rxd1 33.Rxd1 Qc2 34.Rc1 Qg6 
35.Bd2 Qxg3 36.fxg3 Rd8 37.Kf2 Kh7 38.Be3 Ne7 39.Nd2 Nf5 40.g4 Nxe3 41.
Kxe3 Rd3+ 42.Ke4 Rxd2 43.Rc7 Re2+ 44.Kf3 Ra2 45.Rxb7 Rxa3+ 46.Kf4 Rb3 47.
Rxf7 Rxb4+ 48.Kg3 a5 49.Ra7 a4 50.g5 Kg6 51.Kh3 Kh5 52.Rxg7 Rxh4+ 53.Kg3 
Rg4+ 54.Kh3 Bd3 55.Ra7 Bf5 56.Kh2 Kxg5 57.g3 Re4 58.Ra6 Bg4 59.Kg2 Kf5 60.
Ra5 Rd4 61.Kf2 Ke4 62.Kf1 Kf3 0-1

[Event "XIX Festival Conca della Presolana Magistrale"]
[Site "Bratto - Castione della Presolana ITA"]
[Date "1999.08.29"]
[Round "8"]
[White "Vita, Fabrizio"]
[Black "Capece, Adolivio"]
[Result "1-0"]
[WhiteElo "2114"]
[BlackElo "2051"]
[PlyCount "78"]
[EventDate "1999.08.22"]

1.c4 c5 2.Nc3 Nc6 3.g3 g6 4.Bg2 Bg7 5.Nf3 d6 6.O-O Bg4 7.d3 Qd7 8.Re1 Bh3 
9.Bh1 h5 10.Bg5 f6 11.Bd2 h4 12.Nd5 hxg3 13.hxg3 Ne5 14.Bc3 Nh6 15.d4 cxd4
16.Bxd4 Nf5 17.Rc1 Bg4 18.Bxe5 fxe5 19.Nd2 e6 20.Nc3 Bh6 21.Nde4 Ke7 22.
Ra1 Rac8 23.Qd3 Nd4 24.Nd1 b5 25.Ne3 Bxe3 26.Qxe3 Rh5 27.Rac1 d5 28.cxd5 
Rxc1 29.Qxc1 exd5 30.Qc5+ Ke6 31.Nc3 Rxh1+ 32.Kxh1 b4 33.Qxb4 Qh7+ 34.Kg1 
Bf3 35.exf3 Nxf3+ 36.Kg2 Nxe1+ 37.Kf1 Qh1+ 38.Ke2 Nc2 39.Qg4+ Ke7 1-0

[Event "XIX Festival Conca della Presolana Magistrale"]
[Site "Bratto - Castione della Presolana ITA"]
[Date "1999.08.29"]
[Round "8"]
[White "Zaitsev, Vadim"]
[Black "Gorelli Fagiolini, Marco"]
[Result "1-0"]
[WhiteElo "2411"]
[BlackElo "2206"]
[PlyCount "81"]
[EventDate "1999.08.22"]

1.e4 d6 2.d4 Nf6 3.f3 g6 4.c4 Bg7 5.Nc3 O-O 6.Nge2 c5 7.d5 e6 8.Bg5 exd5 
9.cxd5 h6 10.Be3 a6 11.a4 Nbd7 12.Ng3 Re8 13.Be2 h5 14.O-O Rb8 15.Nh1 Qc7 
16.Nf2 c4 17.a5 b5 18.axb6 Nxb6 19.Bd4 Nbd7 20.Ra4 Ne5 21.f4 Nd3 22.Bxd3 
cxd3 23.Nxd3 Bd7 24.Ra3 Qc4 25.Bxf6 Bxf6 26.e5 dxe5 27.fxe5 Bxe5 28.Nxe5 
Rxe5 29.Qd2 Qc5+ 30.Kh1 Qe3 31.Qxe3 Rxe3 32.Rxa6 Rxb2 33.Nd1 Ree2 34.Nxb2 
Rxb2 35.Raa1 Rd2 36.Rad1 Rxd1 37.Rxd1 Kf8 38.Re1 Bb5 39.d6 Bd7 40.Re7 Be6 
41.Kg1 1-0

[Event "XIX Festival Conca della Presolana Magistrale"]
[Site "Bratto - Castione della Presolana ITA"]
[Date "1999.08.30"]
[Round "9"]
[White "Alberton, Roberto"]
[Black "Ragonese, Lucio Rosario"]
[Result "1/2-1/2"]
[WhiteElo "2138"]
[BlackElo "2010"]
[PlyCount "132"]
[EventDate "1999.08.22"]

1.d4 f5 2.Nf3 g6 3.g3 Bg7 4.c4 Nf6 5.Nc3 O-O 6.Bg2 d6 7.O-O Nbd7 8.d5 Nb6 
9.Qd3 e5 10.dxe6 Bxe6 11.b3 d5 12.Ng5 Bf7 13.Nxf7 Rxf7 14.c5 Ne4 15.cxb6 
Bxc3 16.Rb1 Be5 17.bxc7 Rxc7 18.Bb2 Bxb2 19.Rxb2 Qd6 20.Rd1 Rd8 21.Rc2 
Rcd7 22.Qd4 b6 23.Rdc1 Qf6 24.Qxf6 Nxf6 25.Rc7 Kf7 26.h4 Ke7 27.e3 Ne4 28.
Bf3 Nc5 29.Rxd7+ Rxd7 30.Rd1 Ne4 31.Rc1 Kd6 32.Rc8 Rc7 33.Rxc7 Kxc7 34.a3 
Kd6 35.Bd1 Kc5 36.Bc2 Nc3 37.Kf1 Nb5 38.a4 Nc7 39.Ke1 Kb4 40.Kd2 Ne6 41.h5
Nc5 42.h6 Nxb3+ 43.Kd3 Na5 44.Kd4 Nc6+ 45.Kxd5 Ne7+ 46.Ke6 Ng8 47.f3 Kc3 
48.Bb1 Nxh6 49.Kf6 Kd2 50.Kg7 Kxe3 51.Kxh6 Kxf3 52.Kxh7 Kxg3 53.Kxg6 f4 
54.Bd3 f3 55.Kf5 f2 56.Ke5 Kf3 57.Kd4 Kf4 58.Bf1 Kf3 59.Ba6 Kf4 60.Be2 Kf5
61.Bc4 Kf4 62.Ba6 Kf5 63.Kd5 Kf4 64.Kc6 Ke5 65.Kb7 Kd5 66.Kxa7 Kc5 1/2-1/2

[Event "XIX Festival Conca della Presolana Magistrale"]
[Site "Bratto - Castione della Presolana ITA"]
[Date "1999.08.30"]
[Round "9"]
[White "Astengo, Corrado"]
[Black "Campanile, Antonio"]
[Result "1/2-1/2"]
[WhiteElo "2164"]
[BlackElo "2156"]
[PlyCount "66"]
[EventDate "1999.08.22"]

1.e4 d5 2.exd5 Qxd5 3.Nc3 Qd6 4.d4 Nf6 5.Nf3 a6 6.Be3 Bf5 7.Qd2 Nc6 8.a3 
e6 9.Nh4 Bg6 10.Nxg6 hxg6 11.O-O-O Ne7 12.Be2 Ned5 13.h3 O-O-O 14.Bf3 Be7 
15.Nxd5 Nxd5 16.c4 Nxe3 17.fxe3 Qb6 18.Qc2 Bg5 19.Rd3 Rxd4 20.Rb3 Qa7 21.
Bxb7+ Kd7 22.Bf3 Rb8 23.Kb1 Rxb3 24.exd4 Qb6 25.Ka2 Re3 26.Rd1 Ke7 27.c5 
Qb5 28.d5 Bf4 29.Rd4 Be5 30.Rb4 Qd3 31.Qxd3 Rxd3 32.dxe6 Kxe6 33.Rb3 Rd2 
1/2-1/2

[Event "XIX Festival Conca della Presolana Magistrale"]
[Site "Bratto - Castione della Presolana ITA"]
[Date "1999.08.30"]
[Round "9"]
[White "Barbafiera, Luigi"]
[Black "Pagnoncelli, Marco"]
[Result "1/2-1/2"]
[WhiteElo "1915"]
[BlackElo "2122"]
[PlyCount "184"]
[EventDate "1999.08.22"]

1.c4 Nf6 2.Nc3 g6 3.g3 Bg7 4.Bg2 d6 5.Nf3 O-O 6.O-O Nbd7 7.Rb1 e5 8.b4 Nh5
9.e4 Qe8 10.Nd5 Qd8 11.Bb2 c6 12.Ne3 Qe8 13.Nh4 a5 14.a3 axb4 15.axb4 Nb6 
16.Nhf5 Bxf5 17.exf5 Bh6 18.Qb3 Qd7 19.fxg6 hxg6 20.d4 Qe6 21.dxe5 dxe5 
22.b5 Rab8 23.Bc3 Bxe3 24.fxe3 Nxc4 25.Rfe1 cxb5 26.Qxb5 Na3 27.Qxe5 Qxe5 
28.Bxe5 Nxb1 29.Rxb1 b5 30.Bxb8 Rxb8 31.Rb4 Nf6 32.Kf2 Ne8 33.Bc6 Nc7 34.
e4 Kf8 35.e5 Rb6 36.Bd7 Ke7 37.Bh3 Na6 38.Rb2 b4 39.Ke3 Nc5 40.Kd4 Na4 41.
Rb3 Rb8 42.Kc4 Nb6+ 43.Kd4 Nd7 44.Bf1 Rb6 45.Bc4 Rb7 46.h4 Nb8 47.Rf3 Ke8 
48.Bd5 Rc7 49.Rf6 Re7 50.Rb6 Nd7 51.Bc6 Kf8 52.Bxd7 Rxd7+ 53.Ke4 Re7 54.
Kf4 Kg7 55.g4 b3 56.Rxb3 f6 57.Re3 fxe5+ 58.Rxe5 Ra7 59.Rg5 Kf6 60.Re5 
Ra4+ 61.Re4 Ra5 62.Rb4 Ra7 63.g5+ Ke7 64.Rb5 Ra1 65.Rb7+ Ke6 66.Rg7 Ra4+ 
67.Kg3 Ra3+ 68.Kf2 Kf5 69.Rf7+ Kg4 70.Rf6 Kh5 71.Kg2 Ra4 72.Kg3 Rg4+ 73.
Kf3 Rxh4 74.Rf8 Kxg5 75.Kg3 Ra4 76.Rf3 Kh5 77.Rb3 g5 78.Rc3 Ra1 79.Rb3 
Rg1+ 80.Kf2 Rg4 81.Rb8 Ra4 82.Rg8 Kg4 83.Rg7 Ra2+ 84.Ke3 Kh4 85.Kf3 Ra3+ 
86.Kf2 Kg4 87.Rg8 Ra2+ 88.Ke3 Ra5 89.Kf2 Rf5+ 90.Kg2 Rf7 91.Rg6 Rh7 92.Rg8
Ra7 1/2-1/2

[Event "XIX Festival Conca della Presolana Magistrale"]
[Site "Bratto - Castione della Presolana ITA"]
[Date "1999.08.30"]
[Round "9"]
[White "Barbieri, Giovanni"]
[Black "Leoni, Fabrizio"]
[Result "1-0"]
[WhiteElo "2108"]
[BlackElo "1905"]
[PlyCount "157"]
[EventDate "1999.08.22"]

1.e4 c6 2.d4 d5 3.exd5 cxd5 4.c3 Nf6 5.Bd3 e6 6.Bf4 Bd6 7.Bxd6 Qxd6 8.Nf3 
Nbd7 9.O-O b6 10.Re1 Bb7 11.Nbd2 O-O 12.Ne5 Rfd8 13.Ndf3 Ne4 14.Nxd7 Qxd7 
15.Ne5 Qe7 16.f3 Nf6 17.Qc2 Rac8 18.Re3 a6 19.Rae1 b5 20.a3 Rd6 21.g4 g5 
22.Kg2 h6 23.Rh1 Nd7 24.Rhe1 Nxe5 25.Rxe5 Qf6 26.Qd2 Kg7 27.h4 Qf4 28.Qxf4
gxf4 29.Kh3 Rh8 30.h5 Bc8 31.Kh4 f6 32.R5e2 Bd7 33.Bc2 Rb8 34.Kh3 Kf7 35.
Kg2 Rbb6 36.Kf2 a5 37.Ra1 Rdc6 38.Bd3 Rc7 39.Bg6+ Ke7 40.Rae1 Rcc6 41.Bf5 
Kf7 42.Bc2 Rc8 43.Bb3 Rc7 44.Ra1 Rcb7 45.Bc2 Ke7 46.Ke1 Kd6 47.Kd2 Rb8 48.
Bd3 Rg8 49.Rae1 Rgb8 50.b3 a4 51.Rb1 R8b7 52.Ke1 Kc7 53.Reb2 Bc6 54.Kd2 
Rb8 55.bxa4 bxa4 56.Rxb6 Rxb6 57.Rxb6 Kxb6 58.c4 dxc4 59.Bxc4 Bd5 60.Be2 
Kc6 61.Kc3 Kd6 62.Bd1 Bc6 63.Kb4 e5 64.dxe5+ Kxe5 65.Kc5 Bd5 66.Be2 Bb3 
67.Bc4 f5 68.gxf5 Kxf5 69.Kd4 Bd1 70.Bd5 Bc2 71.Kc3 Bb1 72.Bc6 Kg5 73.Be8 
Kh4 74.Bxa4 Kxh5 75.Bd7 Kg5 76.a4 Kf6 77.a5 Ke5 78.a6 Ba2 79.Bc6 1-0

[Event "XIX Festival Conca della Presolana Magistrale"]
[Site "Bratto - Castione della Presolana ITA"]
[Date "1999.08.30"]
[Round "9"]
[White "Borgo, Giulio"]
[Black "Dervishi, Erald"]
[Result "0-1"]
[WhiteElo "2444"]
[BlackElo "2496"]
[PlyCount "94"]
[EventDate "1999.08.22"]

1.e4 e5 2.Nf3 Nc6 3.d4 exd4 4.Nxd4 Nf6 5.Nxc6 bxc6 6.Bd3 d5 7.exd5 cxd5 8.
Bb5+ Bd7 9.Bxd7+ Qxd7 10.O-O Be7 11.c4 d4 12.Bg5 O-O 13.Qd3 Rab8 14.Bxf6 
Bxf6 15.b3 Rfd8 16.Nd2 a5 17.a3 c5 18.Rab1 Rb6 19.Rfe1 Rdb8 20.g3 h5 21.
Ne4 Be7 22.Nd2 Bf6 23.Ne4 Qf5 24.Nxf6+ Qxf6 25.h4 g6 26.a4 Qd6 27.Re2 Kg7 
28.Kh2 Kh7 29.Kg1 Rb4 30.Kh2 R8b7 31.Kg1 Qb8 32.Rbe1 Rxb3 33.Qd2 Rb2 34.
Qxa5 Rxe2 35.Rxe2 d3 36.Re1 Rb1 37.Rxb1 Qxb1+ 38.Kg2 Qc2 39.Qc7 Qxc4 40.
Qd7 Kg7 41.a5 Qe4+ 42.Kh2 Qe2 43.a6 d2 44.a7 Qxf2+ 45.Kh3 Qf1+ 46.Kh2 Qe2+
47.Kh3 Qg4+ 0-1

[Event "XIX Festival Conca della Presolana Magistrale"]
[Site "Bratto - Castione della Presolana ITA"]
[Date "1999.08.30"]
[Round "9"]
[White "Brancaleoni, Maurizio"]
[Black "Oppici, Gabriele"]
[Result "1/2-1/2"]
[WhiteElo "2197"]
[BlackElo "2052"]
[PlyCount "80"]
[EventDate "1999.08.22"]

1.e4 Nc6 2.Nf3 d6 3.d4 Nf6 4.Nc3 Bg4 5.Be2 e6 6.d5 exd5 7.exd5 Bxf3 8.Bxf3
Ne5 9.Be2 Be7 10.Be3 O-O 11.O-O Re8 12.Re1 a6 13.a4 Bf8 14.a5 Ned7 15.Bf1 
Ne4 16.Nxe4 Rxe4 17.Qd2 h6 18.Rad1 Nf6 19.c4 Qd7 20.Bd4 Rxe1 21.Rxe1 Qd8 
22.Qb4 c5 23.dxc6 bxc6 24.Qb7 Qc8 25.Qxc8 Rxc8 26.Bc3 c5 27.Bd3 Rb8 28.Rd1
Ne8 29.Rb1 Nc7 30.Be4 g6 31.b4 cxb4 32.Bxb4 Ne6 33.Bd2 Rxb1+ 34.Bxb1 Nc5 
35.Kf1 Nb3 36.Be1 Be7 37.Bc2 Nc5 38.Bc3 Bd8 39.Ke2 Nb7 40.Be4 Bxa5 1/2-1/2

[Event "XIX Festival Conca della Presolana Magistrale"]
[Site "Bratto - Castione della Presolana ITA"]
[Date "1999.08.30"]
[Round "9"]
[White "Bresciani, Nicola"]
[Black "Perissinotto, Claudio"]
[Result "1-0"]
[WhiteElo "2275"]
[BlackElo "1990"]
[PlyCount "43"]
[EventDate "1999.08.22"]

1.e4 d6 2.d4 Nf6 3.Nc3 g6 4.h3 Bg7 5.Nf3 O-O 6.Be3 c6 7.a4 a5 8.Be2 Qc7 9.
O-O Nbd7 10.Qd2 e5 11.dxe5 Nxe5 12.Rfd1 Ne8 13.Nd4 d5 14.exd5 Nd6 15.b3 
Nf5 16.Nxf5 Bxf5 17.f4 cxd5 18.fxe5 Qxe5 19.Bd4 Qxd4+ 20.Qxd4 Bxd4+ 21.
Rxd4 Bxc2 22.Bd1 1-0

[Event "XIX Festival Conca della Presolana Magistrale"]
[Site "Bratto - Castione della Presolana ITA"]
[Date "1999.08.30"]
[Round "9"]
[White "Capece, Adolivio"]
[Black "Temi, Walter"]
[Result "1/2-1/2"]
[WhiteElo "2051"]
[BlackElo "2096"]
[PlyCount "76"]
[EventDate "1999.08.22"]

1.c4 Nf6 2.Nc3 d5 3.cxd5 Nxd5 4.g3 g6 5.Bg2 Nxc3 6.bxc3 Bg7 7.Rb1 Nd7 8.
Nf3 O-O 9.O-O Nb6 10.Qc2 Bd7 11.d4 Ba4 12.Qd3 c6 13.Re1 Bb5 14.Qc2 Nc4 15.
a4 Ba6 16.Nd2 Nxd2 17.Bxd2 Re8 18.f4 e6 19.e3 Qc7 20.c4 Rad8 21.c5 f5 22.
Qb3 Re7 23.Rbd1 Rdd7 24.Bc3 Qd8 25.Ba1 Kf8 26.Bf3 Qa5 27.Bc3 Qd8 28.Ba1 h6
29.Qb4 Qc7 30.h4 Qd8 31.Kf2 Qc7 32.Kg1 Qd8 33.Kf2 Qc7 34.Kg1 h5 35.Kf2 Qd8
36.Kg1 Qc7 37.Kf2 Qd8 38.Kg1 Qc7 1/2-1/2

[Event "XIX Festival Conca della Presolana Magistrale"]
[Site "Bratto - Castione della Presolana ITA"]
[Date "1999.08.30"]
[Round "9"]
[White "Cebalo, Miso"]
[Black "Szekely, Peter"]
[Result "1-0"]
[WhiteElo "2453"]
[BlackElo "2436"]
[PlyCount "103"]
[EventDate "1999.08.22"]

1.d4 Nf6 2.c4 g6 3.Nc3 Bg7 4.e4 d6 5.f4 O-O 6.Nf3 c5 7.d5 e6 8.Be2 exd5 9.
cxd5 Re8 10.e5 dxe5 11.fxe5 Ng4 12.Bg5 Qb6 13.Qd2 Bf5 14.O-O Nd7 15.Bb5 
Ngxe5 16.Nxe5 Rxe5 17.a4 a6 18.a5 Qd6 19.Ba4 c4 20.Bf4 Bd3 21.Rf3 Nc5 22.
Kh1 Nxa4 23.Nxa4 Rae8 24.Nc3 h6 25.h3 b5 26.axb6 Qxb6 27.Bxe5 Rxe5 28.Rf2 
Re7 29.Re1 Rd7 30.Re8+ Kh7 31.Rf3 a5 32.Qf2 Qb7 33.d6 f5 34.Qc5 Qxb2 35.
Re7 Rb7 36.Rxb7 Qxb7 37.Qc7 Qb2 38.d7 Qxc3 39.d8=Q h5 40.Rxd3 Qe1+ 41.Kh2 
cxd3 42.Qxd3 h4 43.Qdd7 Qa1 44.Qdd8 Qe1 45.Qf6 Qg3+ 46.Qxg3 Bxf6 47.Qc7+ 
Kh6 48.Qxa5 Bg5 49.Kg1 Bf4 50.Kf2 Bg3+ 51.Ke3 Kg7 52.Kd4 1-0

[Event "XIX Festival Conca della Presolana Magistrale"]
[Site "Bratto - Castione della Presolana ITA"]
[Date "1999.08.30"]
[Round "9"]
[White "De Barberis, Massimo"]
[Black "Griffa, Roberto"]
[Result "1/2-1/2"]
[WhiteElo "2096"]
[BlackElo "2053"]
[PlyCount "20"]
[EventDate "1999.08.22"]

1.e4 d6 2.d4 Nf6 3.Nc3 c6 4.Nf3 Bg4 5.h3 Bh5 6.Be3 e6 7.Bd3 Be7 8.Qe2 d5 
9.exd5 cxd5 10.Bb5+ Nfd7 1/2-1/2

[Event "XIX Festival Conca della Presolana Magistrale"]
[Site "Bratto - Castione della Presolana ITA"]
[Date "1999.08.30"]
[Round "9"]
[White "Drabke, Lorenz Maximilian"]
[Black "Giretti Kanev, Jasen"]
[Result "1-0"]
[WhiteElo "2102"]
[BlackElo "2152"]
[PlyCount "132"]
[EventDate "1999.08.22"]

1.e4 c6 2.d4 d6 3.Nc3 e5 4.Bc4 Be7 5.dxe5 dxe5 6.Qh5 g6 7.Qxe5 Nf6 8.Bh6 
Nbd7 9.Qf4 b5 10.Bb3 Bf8 11.Bxf8 Kxf8 12.O-O-O Qe7 13.Qh6+ Kg8 14.Nf3 Ng4 
15.Qf4 Nxf2 16.Ng5 Ne5 17.Rd8+ Kg7 18.Rxh8 Kxh8 19.Qh4 f6 20.Nxh7 Kg7 21.
Rf1 Nfg4 22.h3 g5 23.Qh5 Bd7 24.hxg4 Rh8 25.Rh1 Nxg4 26.Bf7 Qxf7 27.Qxf7+ 
Kxf7 28.Nxg5+ Kg7 29.Rxh8 Kxh8 30.Nf3 b4 31.Na4 Ne3 32.Nc5 Be8 33.Ne1 Kg7 
34.b3 Kf7 35.Kd2 Ng4 36.Na6 Ke6 37.Nf3 Bg6 38.Nxb4 Bxe4 39.Nd3 Kd6 40.a3 
Ne5 41.Nfxe5 fxe5 42.g3 Bf5 43.Ke3 Kd5 44.Ne1 Kc5 45.c3 Be6 46.Nf3 Bxb3 
47.Nxe5 a5 48.g4 Be6 49.g5 Kb5 50.Kd2 Ka4 51.Nxc6 Bf7 52.Ne7 Bc4 53.Nc6 
Bd5 54.Ne5 Kxa3 55.c4 Be6 56.Kc3 Ka4 57.g6 Ka3 58.Nc6 a4 59.Nd4 Bg8 60.
Nb5+ Ka2 61.Kb4 Kb2 62.Na3 Be6 63.c5 Kc1 64.c6 Kd2 65.c7 Kd3 66.g7 Kd4 1-0